Charts on the Book of Revelation : (Record no. 4849)

MARC details
000 -LEADER
fixed length control field 00950cam a2200277 a 4500
001 - CONTROL NUMBER
control field 122279
003 - CONTROL NUMBER IDENTIFIER
control field GBCCL
005 - DATE AND TIME OF LATEST TRANSACTION
control field 20241126110528.0
008 - FIXED-LENGTH DATA ELEMENTS--GENERAL INFORMATION
fixed length control field 070620s2007 miubd b 000 0 eng d
020 ## - INTERNATIONAL STANDARD BOOK NUMBER
International Standard Book Number 9780825439391
020 ## - INTERNATIONAL STANDARD BOOK NUMBER
International Standard Book Number 0825439396
035 ## - SYSTEM CONTROL NUMBER
System control number (OCoLC)ocn144651009
035 ## - SYSTEM CONTROL NUMBER
System control number (OCoLC)144651009
040 ## - CATALOGING SOURCE
Original cataloging agency GHS
Transcribing agency GHS
Modifying agency BTCTA
-- LBB
049 ## -
-- LBBK
-- LBBT
-- LBBC
082 ## - DEWEY DECIMAL CLASSIFICATION NUMBER
Classification number 228.06
Item number WIL
090 ## - LOCALLY ASSIGNED LC-TYPE CALL NUMBER (OCLC); LOCAL CALL NUMBER (RLIN)
Classification number (OCLC) (R) ; Classification number, CALL (RLIN) (NR) BS2825.52
Local cutter number (OCLC) ; Book number/undivided call number, CALL (RLIN) .W55 2007
100 1# - MAIN ENTRY--PERSONAL NAME
Personal name Wilson, Mark W.
9 (RLIN) 8837
245 10 - TITLE STATEMENT
Title Charts on the Book of Revelation :
Remainder of title literary, historical, and theological perspectives /
Statement of responsibility, etc. Mark Wilson.
260 ## - PUBLICATION, DISTRIBUTION, ETC.
Place of publication, distribution, etc. Grand Rapids, Mich. :
Name of publisher, distributor, etc. Kregel Publications,
Date of publication, distribution, etc. c2007.
300 ## - PHYSICAL DESCRIPTION
Extent 134 p. :
Other physical details chiefly charts, maps ;
Dimensions 28 cm.
440 #0 - SERIES STATEMENT/ADDED ENTRY--TITLE
Title Kregel charts of the Bible and theology
9 (RLIN) 8838
504 ## - BIBLIOGRAPHY, ETC. NOTE
Bibliography, etc. note Includes bibliographical references (p. 131-134).
630 00 - SUBJECT ADDED ENTRY--UNIFORM TITLE
Uniform title Bible.
Name of part/section of a work N.T.
-- Revelation
General subdivision Criticism, interpretation, etc.
9 (RLIN) 8207
942 ## - ADDED ENTRY ELEMENTS (KOHA)
Source of classification or shelving scheme Dewey Decimal Classification
Koha item type Books
Koha issues (borrowed), all copies 2
Holdings
Withdrawn status Lost status Source of classification or shelving scheme Damaged status Not for loan Home library Current Library Shelving location Date acquired Total checkouts Full call number Barcode Date last seen Copy number Price effective from Koha item type Date last checked out
    Dewey Decimal Classification     GRACE BIBLE COLLEGE GRACE BIBLE COLLEGE Biblical Studies 2018-02-09   228.06 WIL 014628 2025-05-01 c.1 2018-02-09 Books  
    Dewey Decimal Classification     GRACE BIBLE COLLEGE GRACE BIBLE COLLEGE Biblical Studies 2018-02-09 2 228.06 WIL 014629 2025-05-01 c.2 2018-02-09 Books 2020-03-09
© Grace Bible College Library 2025